Obálka Náhled e-knihy:
PDF Epub
Pro půjčování e-knih musíte být přihlášeni.
Jak si půjčit online?

Dokonalé stopy /

V odľahlom kúte Škótskej vysočiny zhorelo telo Elaine Buxtonovej. Jediné stopy, podľa ktorých môže polícia hľadanú právničku identifikovať, sú zub a zdrap zakrvavenej šatky. V tajnej miestnosti kdesi v Edinburghu medzitým skutočná Elaine Buxtonová vydesene kričí do tmy.Inšpektor Callanach zanechal s...

Celý popis

Uloženo v:
Série:Inspektor Luc Callanach (SK), část 1
Hlavní autor: Fieldsová, Helen (Autor)
Médium: E-kniha
Jazyk:Czech
Vydáno: Praha : Albatros Media Slovakia s.r.o., 2023
Příbuzné jednotky:Z cyklu:: Inspektor Luc Callanach (SK)
Tagy:
Žádné tagy
LEADER 01591nam a22002417i 4500
001 311948
007 ta
008 260601s2023 xr ||||| |||| 00| 0 cze d
020 |a 9788056633533 
044 |a xr 
100 1 |a  Fieldsová, Helen  |4 aut 
245 1 0 |a Dokonalé stopy /  |c  Fieldsová, Helen 
240 1 0 |a Perfect remains 
264 1 |a Praha :  |b Albatros Media Slovakia s.r.o.,  |c 2023 
300 |a 1 online zdroj (328 stran) 
336 |a text  |b txt  |2 rdacontent 
337 |a bez média  |b n  |2 rdamedia 
338 |a online zdroj  |b cr  |2 rdacarrier 
520 2 |a V odľahlom kúte Škótskej vysočiny zhorelo telo Elaine Buxtonovej. Jediné stopy, podľa ktorých môže polícia hľadanú právničku identifikovať, sú zub a zdrap zakrvavenej šatky. V tajnej miestnosti kdesi v Edinburghu medzitým skutočná Elaine Buxtonová vydesene kričí do tmy.Inšpektor Callanach zanechal sľubnú kariéru v Interpole a v Edinburghu začína od nuly. Obstojí pred novými kolegami a podarí sa mu nájsť vraha, ktorý za sebou veľmi starostlivo zahladzuje všetky stopy? 
787 0 8 |g 1  |i Z cyklu:  |t Inspektor Luc Callanach (SK) 
910 |a RBIT002 
998 |d 376797  |a https://core.palmknihy.cz/api/books/376797/cover?s9tjga  |b https://core.palmknihy.cz/api/books/376797/cover/400?s9tjga  |c https://core.palmknihy.cz/api/books/376797/cover/50?s9tjga  |e 2027-03-03  |g 328  |i 9788056633533  |j https://core.palmknihy.cz/api/books/376797/preview.epub  |k https://core.palmknihy.cz/api/books/376797/preview.pdf  |l   |q 49  |r 1  |s https://www.palmknihy.cz/kniha/376797  |t ebook  |y 2023  |z 1  |v Inspektor Luc Callanach (SK)  |w 1 
999 |d 311946